Online Catalogue and eLibrary

Janagi (Record no. 3796)

MARC details
000 -LEADER
fixed length control field 00426nam a2200145Ia 4500
005 - DATE AND TIME OF LATEST TRANSACTION
control field 20250310031432.0
008 - FIXED-LENGTH DATA ELEMENTS--GENERAL INFORMATION
fixed length control field 240331s9999 xx 000 0 und d
082 ## - DDC Classification
Item Number - Author Mark YOG
DDC Edition Number 5131
Class No. 894.811
100 ## - MAIN ENTRY--PERSONAL NAME
Personal name Yoganathan, S
245 #0 - TITLE STATEMENT
Title Janagi
260 ## - PUBLICATION, DISTRIBUTION, ETC.
Place of publication, distribution, etc. Madras,
Name of publisher, distributor, etc. Kalaignaan Pathippagam
Date of publication, distribution, etc. 1985
300 ## - PHYSICAL DESCRIPTION
Extent (e.g. Volumes, Pages etc.) 132 p.,
500 ## - GENERAL NOTE
General note A story on overcoming life's struggles by the youth, which is usually mistaken to be love.
942 ## - Koha item type (Biblio)
Koha item type Books in Stacks (Lending)
Holdings
Lost status Damaged status Collection code Home library Current library Shelving location Date acquired Full call number Accession Number Item type
    Lending WERC Library WERC Library Social Science Cupboard 03/31/2024 894.811 YOG 5131 Books in Stacks (Lending)

© WERC Library